LEADER 00464nab a2200145 i 4500 001 000000310360 003 CaOOAMICUS 005 20180831173012.0 008 180831n xx uu u0 0und r 013 $a19452 040 $aSeMil$bita 100 1 $aBertani, Felice.$0(OLS)http://semarc/name/12100 245 10$aUltima critica d?Ausonio Franchi. 773 0 $t[Luglio-Dicembre].$g195-208$w()273980 996 $6245$aUltima critica d?Ausonio Franchi$9(OLS)http://semarc/title/385191 LEADER 00995nam a2200253 4500 001 000000358771 003 CaOOAMICUS 005 20240709160659.0 008 240708s2002 fr 000 u fre r 020 $a978-2-213-61212-6 040 $aSeMil$bita 100 1 $aLagrée, Michel.$0(OLS)http://semarc/name/119895 245 10$aHistoire des curés /$cMichel Lagrée ... [et al.]. 264 1$a[Paris] :$bFayard,$c2002. 300 $a523 p. ;$c24 cm 650 4$aSacerdozio - Storia.$0(OLS)http://semarc/subject/2314 650 4$aPresbiteri - Storia.$0(OLS)http://semarc/subject/55851 850 $aSeMil 852 $aSeMil$W1$xVenegono$y1$m3F IV 764$j249888$B249841$CSeMilBibl$Z2$F249841 $81 961 $aPerego don Stefano - Omaggio 996 $6020$a978-2-213-61212-6$9(OLS)http://semarc/number/300613 996 $6245$aHistoire des curés$9(OLS)http://semarc/title/449177 996 $6264$a[Paris] :$bFayard$9(OLS)http://semarc/publisher/30873